| 000 | 00784nam a2200229 a 4500 | ||
|---|---|---|---|
| 999 |
_c11019 _d11019 |
||
| 001 | 11019 | ||
| 003 | BD-JhCC | ||
| 005 | 20201102134019.0 | ||
| 008 | 190725b 2018bg |||| ||a| 000 0 ben d | ||
| 020 | _a9789849063254 | ||
| 035 | _a(BD-JhCC)11019 | ||
| 040 |
_aBD-JhCC _dBD-JhCC |
||
| 041 | _aben | ||
| 082 |
_a297.09 _bKAD 2018 |
||
| 100 | _aকাদেরী, মোহাম্মদ তফিজ উদ্দিন | ||
| 245 |
_aকারবালার করুণ কাহিনী / _cমোহাম্মদ তফিজ উদ্দিন কাদেরী । |
||
| 260 |
_aঢাকাঃ _bরোদেলা; _c২০১৮. |
||
| 300 |
_a২৫৪ পৃঃ . : _c২২ সেমি. |
||
| 650 | _aIslamic Hostory | ||
| 942 |
_2ddc _cBK _04 |
||